Political power and social classes /

Bibliographic Details
Main Author: Poulantzas, Nicos Ar
Format: Book
Language:English
Published: London : Verso Editions, 1978.
Subjects:

MARC

Tag First Indicator Second Indicator Subfields
LEADER 00000cam a2200000Ii 4500
001 in00003589340
005 20171111064424.0
008 781121s1978 enk b 001 0 eng d
015 |a B7902406 
019 |a 6619723  |a 858540630 
020 |a 0860917053 
020 |a 9780860917052 
035 |a (OCoLC)ocm04390133 
035 |a (OCoLC)4390133  |z (OCoLC)6619723  |z (OCoLC)858540630 
040 |a ZYU  |b eng  |c ZYU  |d OCL  |d BAKER  |d UX1  |d YDXCP  |d SMU  |d GEQ  |d BDX  |d OCLCQ  |d OCLCF  |d OCLCO  |d OQ$  |d OCLCO  |d KIJ  |d OCLCQ  |d OCLCO  |d OCL  |d UtOrBLW 
041 1 |a eng  |h fre 
043 |a f-sa--- 
049 |a TXAM 
050 1 4 |a JC249  |b .P6813 1978 
082 0 4 |a 320.1  |2 18 
082 0 4 |a 301.44  |b P874pX, 1978 
100 1 |a Poulantzas, Nicos Ar  |0 http://id.loc.gov/authorities/names/no96031111 
240 1 0 |a Pouvoir politique et classes sociales.  |l English 
245 1 0 |a Political power and social classes /  |c Nicos Poulantzas ; translation editor, Timothy O'Hagan. 
264 1 |a London :  |b Verso Editions,  |c 1978. 
300 |a 367 pages ;  |c 20 cm 
336 |a text  |b txt  |2 rdacontent 
337 |a unmediated  |b n  |2 rdamedia 
338 |a volume  |b nc  |2 rdacarrier 
500 |a Translation of Pouvoir politique et classes sociales. 
504 |a Includes bibliographical references and index. 
650 0 |a State, The.  |0 http://id.loc.gov/authorities/subjects/sh85127474 
650 0 |a Communist state.  |0 http://id.loc.gov/authorities/subjects/sh85029185 
650 0 |a Social classes.  |0 http://id.loc.gov/authorities/subjects/sh85123921 
651 0 |a South Africa  |x Politics and government.  |0 http://id.loc.gov/authorities/subjects/sh85125486 
650 4 |a Capitalism. 
650 7 |a Communist state.  |2 fast  |0 (OCoLC)fst00870601 
650 7 |a Politics and government.  |2 fast  |0 (OCoLC)fst01919741 
650 7 |a Social classes.  |2 fast  |0 (OCoLC)fst01122346 
650 7 |a State, The.  |2 fast  |0 (OCoLC)fst01131943 
651 7 |a South Africa.  |2 fast  |0 (OCoLC)fst01204616 
776 0 8 |i Online version:  |a Poulantzas, Nicos Ar.  |s Pouvoir politique et classes sociales. English.  |t Political power and social classes.  |d London : Verso Editions, 1978  |w (OCoLC)680566747 
948 |a cataloged  |b h  |c 2015/11/9  |d c  |e ceaton  |f 2:49:21 pm 
994 |a C0  |b TXA 
999 f f |s d61d18bb-f026-326a-acce-6ecb820d9186  |i 6eec1c92-8a46-35c9-87b5-95177d1b5ea7  |t 0 
952 f f |p ric  |a Texas A&M University  |b Rellis Campus  |c Joint Library Facility  |d Remote Storage  |t 0  |e JC249 .P6813 1978  |h Library of Congress classification  |i unmediated -- volume  |m A14843285892 
998 f f |a JC249 .P6813 1978  |t 0  |l Remote Storage